Представление документа в формате MARC21

Поле Инд. ПП Название Значение
Тип записи a
Библиографический уровень b
001 Контрольный номер RU/IS/BASE/236267918
005 Дата корректировки 20220715140335.2
040 b Код языка каталог. rus
e Правила каталог. PSBO
041 0_ a Код языка текста rus
084 a Индекс другой классификации/Индекс ББК 65.290.2; 66.3(2Рос)
100 1_ a Автор Попова К. В.
q Полное имя Попова Ксения Владимировна
245 10 a Заглавие Особенности безопасного развития корпораций в глобализирующемся мире
504 a Библиография Библиогр. ссылки. - Примеч.
520 a Аннотация В статье рассматривается роль корпораций и корпоративного управления в глобализирующемся мире, а также отношения бизнеса и власти в России
650 a Основная рубрика внутренняя политика
a Основная рубрика политика
a Основная рубрика предпринимательство
a Основная рубрика экономика
653 a Ключевые слова бизнес
a Ключевые слова властные отношения
a Ключевые слова власть
a Ключевые слова геоэкономика
a Ключевые слова геоэкономический подход
a Ключевые слова глобализация
a Ключевые слова информационное общество
a Ключевые слова корпоративная безопасность
a Ключевые слова корпоративное управление
a Ключевые слова корпоративные интересы
a Ключевые слова корпоративный бизнес
a Ключевые слова корпоратизм
a Ключевые слова корпорации
a Ключевые слова мировая экономика
a Ключевые слова предпринимательские объединения
a Ключевые слова Россия
a Ключевые слова транснациональные корпорации (ТНК)
773 0_ t Заглавие источника Вестник Московского университета. Серия 18, Социология и политология
d Дата издания источника 2007
g Прочая информация № 1. - С. 36 - 50
w Контрольный № источника RU/IS/BASE/228580253
901 t Тип документа b